Violence and the quest for justice in south asia (Record no. 1157936)

MARC details
000 -LEADER
fixed length control field 00695nam a2200241Ia 4500
003 - CONTROL NUMBER IDENTIFIER
control field OSt
005 - DATE AND TIME OF LATEST TRANSACTION
control field 20221007075945.0
008 - FIXED-LENGTH DATA ELEMENTS--GENERAL INFORMATION
fixed length control field 221006b |||||||| |||| 00| 0 eng d
037 ## - SOURCE OF ACQUISITION
Terms of availability Textual
040 ## - CATALOGING SOURCE
Original cataloging agency FLL
Transcribing agency FLL
Language of cataloging eng
041 ## - LANGUAGE CODE
Source of code eng
Language code of text/sound track or separate title eng
100 ## - MAIN ENTRY--PERSONAL NAME
Personal name MEHTA Deepak Ed.
9 (RLIN) 694445
245 #0 - TITLE STATEMENT
Title Violence and the quest for justice in south asia
260 ## - PUBLICATION, DISTRIBUTION, ETC.
Place of publication, distribution, etc. New Delhi
Name of publisher, distributor, etc. SAGE Publication India Pvt Ltd India
Date of publication, distribution, etc. 2018
300 ## - PHYSICAL DESCRIPTION
Extent 364p. xii
Dimensions cm.
700 ## - ADDED ENTRY--PERSONAL NAME
Personal name ROY Rahul Ed.
9 (RLIN) 694446
942 ## - ADDED ENTRY ELEMENTS (KOHA)
Classification part Z49G,5, Q8
Koha item type Textual
Source of classification or shelving scheme Colon Classification (CC)
Holdings
Withdrawn status Lost status Source of classification or shelving scheme Damaged status Not for loan Home library Current library Date acquired Total Checkouts Full call number Barcode Date last seen Price effective from Koha item type
    Colon Classification (CC)     Faculty of Law Library Faculty of Law Library 2022-10-07   Z49G,5 Q8 LL1616685 2022-10-07 2022-10-07 Textual
Copyright @ Delhi University Library System